| 000 | 00386cam a22001097a 4500 | ||
|---|---|---|---|
| 008 | 180718b2001 xxu||||| |||| 00| 0 eng d | ||
| 100 | _aIlahi, Nadeem | ||
| 245 |
_aChildren's work and schooling: does gender matter? evidence from the Peru LSMS panel data _cby Nadeem Illahi |
||
| 260 |
_aWashington, D.C. _bWorld Bank _c2001 |
||
| 300 | _a37p. | ||
| 440 | _aPolicy research working paper 2745 | ||
| 999 |
_c287352 _d287352 |
||